Bài tập vật lý đại cương Biên soạn theo chương trình của bộ giáo dục và đào tạo ban hành năm 1990; Dùng cho các trường các khối công nghiệp, công trình thủy lợi, giao thông vận tải Tập 2 Điện-Dao động và sóng

Điện-dao động và sóng

Sparad:
Bibliografiska uppgifter
Huvudupphovsman: Lương Duyên Bình (Tác giả)
Övriga upphovsmän: Nguyễn Hữu Hồ, Nguyễn Quang Sính
Materialtyp: Bok
Språk:Vietnamese
Publicerad: H. Giáo dục 1997
Upplaga:Tái bản lần thứ 4
Serie:Sách Đại học sư phạm
Ämnen:
Taggar: Lägg till en tagg
Inga taggar, Lägg till första taggen!
Thư viện lưu trữ: Mạng thư viện Đại học Đà Nẵng
LEADER 01572nam a2200421 4500
001 000008397
003 4585
005 20111017141016.0
008 111017s1997 viesd
020 |c 9800đ 
041 0 |a vie 
082 |a 530.07  |b LƯ-B 
100 0 |a Lương Duyên Bình  |e Tác giả 
245 1 0 |a Bài tập vật lý đại cương  |b Biên soạn theo chương trình của bộ giáo dục và đào tạo ban hành năm 1990; Dùng cho các trường các khối công nghiệp, công trình thủy lợi, giao thông vận tải  |c Lương Duyên Bình  |n Tập 2  |p Điện-Dao động và sóng 
250 |a Tái bản lần thứ 4 
260 |a H.  |b Giáo dục  |c 1997 
300 |a 155tr  |c 20cm 
490 |a Sách Đại học sư phạm 
500 |a tr155 
520 |a Điện-dao động và sóng 
653 |a Bài tập 
653 |a giáo trình 
653 |a Vật lý 
653 |a Đại cương 
700 |a Nguyễn Hữu Hồ 
700 |a Nguyễn Quang Sính 
773 |t Bài tập vật lý đại cương  |w 4580 
910 |a Thương  |d 17/10/2011 
OWN |a LSP 
AVA |a UDN50  |b LSP  |d 530.07 LƯ-B  |e available  |t Error 5001 Not defined in file expand_doc_bib_avail.  |f 2  |g 0  |h N  |i 0  |k 1 
999 |a From the UDN01 
AVA |a UDN50  |b LSP  |d 530.07 LƯ-B  |e available  |t Error 5001 Not defined in file expand_doc_bib_avail.  |f 2  |g 0  |h N  |i 0  |k 1 
TYP |a Monograph 
TYP |a Printed language 
980 |a Mạng thư viện Đại học Đà Nẵng